[Event "DEM U12 2021"]
[Site "Willingen GER"]
[Date "2021.08.29"]
[Round "9"]
[White "Weber, Nikita"]
[Black "Schröder, Jan-Hendrik"]
[Result "0-1"]
[Termination "normal"]
[Board "26"]
[WhiteElo "1352"]
[BlackElo "1246"]
[WhiteClock "01:51:02"]
[BlackClock "00:26:28"]
[PlyCount "122"]
[WhiteFideId "34608770"]
[BlackFideId "16283538"]
[EventCountry "GER"]
[EventRounds "9"]
[EventType "swiss"]
[EventDate "2021.08.22"]

1. c4 {[%clk 01:30:58]} {[%emt 00:00:02]} Nf6 {[%clk 01:30:53]} {[%emt
00:00:07]} 2. Nc3 {[%clk 01:31:20]} {[%emt 00:00:09]} g6 {[%clk 01:31:00]}
{[%emt 00:00:23]} 3. g3 {[%clk 01:31:43]} {[%emt 00:00:07]} d5 {[%clk
01:31:13]} {[%emt 00:00:17]} 4. cxd5 {[%clk 01:31:49]} {[%emt 00:00:24]} Nxd5
{[%clk 01:31:30]} {[%emt 00:00:12]} 5. Bg2 {[%clk 01:31:58]} {[%emt 00:00:21]}
Nb6 {[%clk 01:31:50]} {[%emt 00:00:11]} 6. d4 {[%clk 01:30:07]} {[%emt
00:02:20]} Bg7 {[%clk 01:27:49]} {[%emt 00:04:30]} 7. e3 {[%clk 01:30:03]}
{[%emt 00:00:36]} Nc6 {[%clk 01:27:16]} {[%emt 00:01:03]} 8. Nge2 {[%clk
01:30:14]} {[%emt 00:00:18]} O-O {[%clk 01:25:34]} {[%emt 00:02:12]} 9. O-O
{[%clk 01:30:06]} {[%emt 00:00:38]} e5 {[%clk 01:20:35]} {[%emt 00:05:30]} 10.
d5 {[%clk 01:27:38]} {[%emt 00:02:58]} Ne7 {[%clk 01:17:58]} {[%emt 00:03:06]}
11. Qb3 {[%clk 01:25:10]} {[%emt 00:02:58]} c6 {[%clk 01:12:40]} {[%emt
00:05:49]} 12. Rd1 {[%clk 01:24:50]} {[%emt 00:00:49]} cxd5 {[%clk 01:10:13]}
{[%emt 00:02:57]} 13. Nxd5 {[%clk 01:24:58]} {[%emt 00:00:22]} Nexd5 {[%clk
01:01:44]} {[%emt 00:09:00]} 14. e4 {[%clk 01:24:22]} {[%emt 00:01:05]} Bd7
{[%clk 00:59:53]} {[%emt 00:02:21]} 15. Rxd5 {[%clk 01:22:12]} {[%emt
00:02:41]} Nxd5 {[%clk 00:59:12]} {[%emt 00:01:11]} 16. exd5 {[%clk 01:22:22]}
{[%emt 00:00:20]} Qb6 {[%clk 00:58:08]} {[%emt 00:01:34]} 17. Qa3 {[%clk
01:21:11]} {[%emt 00:01:40]} Qa6 {[%clk 00:57:13]} {[%emt 00:01:26]} 18. Qxa6
{[%clk 01:20:58]} {[%emt 00:00:43]} bxa6 {[%clk 00:57:36]} {[%emt 00:00:06]}
19. d6 {[%clk 01:21:00]} {[%emt 00:00:28]} Rab8 {[%clk 00:54:52]} {[%emt
00:03:13]} 20. Nc3 {[%clk 01:20:49]} {[%emt 00:00:41]} Rb6 {[%clk 00:52:40]}
{[%emt 00:02:43]} 21. Be3 {[%clk 01:20:52]} {[%emt 00:00:27]} Rxb2 {[%clk
00:50:50]} {[%emt 00:02:19]} 22. Na4 {[%clk 01:19:05]} {[%emt 00:02:18]} Bxa4
{[%clk 00:51:01]} {[%emt 00:00:19]} 23. Rc1 {[%clk 01:19:03]} {[%emt 00:00:31]}
Rfb8 {[%clk 00:48:05]} {[%emt 00:03:26]} 24. Be4 {[%clk 01:17:56]} {[%emt
00:01:37]} f5 {[%clk 00:45:24]} {[%emt 00:03:12]} 25. Bd5+ {[%clk 01:18:06]}
{[%emt 00:00:20]} Kh8 {[%clk 00:44:54]} {[%emt 00:00:59]} 26. Rc7 {[%clk
01:18:30]} {[%emt 00:00:07]} Rc2 {[%clk 00:28:34]} {[%emt 00:16:49]} 27. Be6
{[%clk 01:15:51]} {[%emt 00:03:09]} Rd8 {[%clk 00:22:31]} {[%emt 00:06:33]} 28.
Rxa7 {[%clk 01:13:13]} {[%emt 00:03:09]} Bc6 {[%clk 00:17:10]} {[%emt
00:05:49]} 29. Rc7 {[%clk 01:12:50]} {[%emt 00:00:54]} Be4 {[%clk 00:15:42]}
{[%emt 00:01:58]} 30. Re7 {[%clk 01:12:07]} {[%emt 00:01:13]} Rxd6 {[%clk
00:09:13]} {[%emt 00:06:59]} 31. Re8+ {[%clk 01:11:58]} {[%emt 00:00:39]} Bf8
{[%clk 00:09:40]} {[%emt 00:00:03]} 32. Rxf8+ {[%clk 01:12:20]} {[%emt
00:00:08]} Kg7 {[%clk 00:10:07]} {[%emt 00:00:03]} 33. Rf7+ {[%clk 01:12:44]}
{[%emt 00:00:06]} Kg8 {[%clk 00:09:12]} {[%emt 00:01:26]} 34. Rf6+ {[%clk
01:13:08]} {[%emt 00:00:06]} Rxe6 {[%clk 00:03:31]} {[%emt 00:06:10]} 35. Rxe6
{[%clk 01:13:30]} {[%emt 00:00:08]} Rxa2 {[%clk 00:03:55]} {[%emt 00:00:07]}
36. Re8+ {[%clk 01:13:46]} {[%emt 00:00:13]} Kf7 {[%clk 00:04:23]} {[%emt
00:00:02]} 37. Rc8 {[%clk 01:14:09]} {[%emt 00:00:07]} Ra1+ {[%clk 00:04:06]}
{[%emt 00:00:48]} 38. Rc1 {[%clk 01:14:33]} {[%emt 00:00:06]} Rxc1+ {[%clk
00:04:30]} {[%emt 00:00:06]} 39. Bxc1 {[%clk 01:15:00]} {[%emt 00:00:02]} Ke6
{[%clk 00:04:51]} {[%emt 00:00:09]} 40. Kf1 {[%clk 01:15:26]} {[%emt 00:00:04]}
Kd5 {[%clk 00:05:16]} {[%emt 00:00:05]} 41. Ke2 {[%clk 01:15:52]} {[%emt
00:00:04]} Kc4 {[%clk 00:05:38]} {[%emt 00:00:08]} 42. f3 {[%clk 01:16:16]}
{[%emt 00:00:06]} Bc2 {[%clk 00:05:42]} {[%emt 00:00:26]} 43. Bb2 {[%clk
01:16:40]} {[%emt 00:00:06]} e4 {[%clk 00:04:20]} {[%emt 00:01:52]} 44. fxe4
{[%clk 01:17:05]} {[%emt 00:00:05]} Bxe4 {[%clk 00:04:43]} {[%emt 00:00:08]}
45. Ke3 {[%clk 01:17:31]} {[%emt 00:00:04]} Kb3 {[%clk 00:01:50]} {[%emt
00:03:22]} 46. Bf6 {[%clk 01:17:22]} {[%emt 00:16:17]} a5 {[%clk 00:01:03]} 47.
Kf4 {[%clk 01:17:44]} h5 {[%clk 00:00:38]} 48. h4 {[%clk 01:17:51]} a4 {[%clk
00:01:05]} 49. Kg5 {[%clk 01:18:17]} f4 50. Kxf4 {[%clk 01:18:34]} Bf5 {[%clk
00:01:22]} 51. Kg5 {[%clk 01:18:12]} a3 {[%clk 00:01:09]} 52. g4 {[%clk
01:18:25]} hxg4 {[%clk 00:00:34]} 53. h5 {[%clk 01:18:47]} g3 {[%clk 00:27:11]}
54. h6 {[%clk 01:49:09]} g2 {[%clk 00:27:37]} 55. Bd4 {[%clk 01:49:36]} a2
{[%clk 00:27:29]} 56. h7 {[%clk 01:49:58]} g1=Q+ 57. Bxg1 a1=Q 58. Be3 Qg7
{[%clk 00:25:51]} 59. Bd4 {[%clk 01:50:15]} Qxh7 {[%clk 00:26:15]} 60. Kf4
{[%clk 01:50:38]} Qh4+ {[%clk 00:26:28]} 61. Ke3 {[%clk 01:51:02]} Qe4 0-1

[Event "DEM U12 2021"]
[Site "Willingen GER"]
[Date "2021.08.29"]
[Round "9"]
[White "Wellßow, Lio Keanu"]
[Black "Meng, Yuxuan"]
[Result "0-1"]
[Termination "normal"]
[Board "27"]
[WhiteElo "1203"]
[BlackElo "1495"]
[WhiteClock "01:14:53"]
[BlackClock "00:07:57"]
[PlyCount "94"]
[WhiteFideId "16252837"]
[BlackFideId "16258231"]
[EventCountry "GER"]
[EventRounds "9"]
[EventType "swiss"]
[EventDate "2021.08.22"]

1. d4 {[%clk 01:30:58]} {[%emt 00:00:01]} d5 {[%clk 01:30:57]} {[%emt
00:00:04]} 2. Nf3 {[%clk 01:31:20]} {[%emt 00:00:08]} Nf6 {[%clk 01:31:17]}
{[%emt 00:00:10]} 3. b3 {[%clk 01:31:07]} {[%emt 00:00:43]} e6 {[%clk
01:30:18]} {[%emt 00:01:29]} 4. Bb2 {[%clk 01:30:56]} {[%emt 00:00:40]} Nbd7
{[%clk 01:27:44]} {[%emt 00:03:04]} 5. e3 {[%clk 01:30:21]} {[%emt 00:01:05]}
Bb4+ {[%clk 01:23:58]} {[%emt 00:04:17]} 6. c3 {[%clk 01:27:52]} {[%emt
00:03:00]} Be7 {[%clk 01:20:43]} {[%emt 00:03:45]} 7. Bd3 {[%clk 01:24:26]}
{[%emt 00:03:55]} b6 {[%clk 01:17:41]} {[%emt 00:03:38]} 8. Nbd2 {[%clk
01:23:40]} {[%emt 00:01:10]} Bb7 {[%clk 01:17:01]} {[%emt 00:01:11]} 9. Ne5
{[%clk 01:23:13]} {[%emt 00:00:56]} O-O {[%clk 01:04:55]} {[%emt 00:12:36]} 10.
f4 {[%clk 01:22:54]} {[%emt 00:00:50]} Ne4 {[%clk 00:57:43]} {[%emt 00:07:42]}
11. Nxe4 {[%clk 01:20:59]} {[%emt 00:02:23]} dxe4 {[%clk 00:57:22]} {[%emt
00:00:53]} 12. Bc2 {[%clk 01:20:17]} {[%emt 00:01:12]} Nf6 {[%clk 00:49:28]}
{[%emt 00:08:23]} 13. O-O {[%clk 01:19:01]} {[%emt 00:01:45]} Rc8 {[%clk
00:44:10]} {[%emt 00:05:48]} 14. g4 {[%clk 01:13:23]} {[%emt 00:06:08]} c5
{[%clk 00:34:43]} {[%emt 00:09:58]} 15. g5 {[%clk 01:13:00]} {[%emt 00:00:53]}
Nd5 {[%clk 00:32:53]} {[%emt 00:02:19]} 16. Qe2 {[%clk 01:11:51]} {[%emt
00:01:40]} cxd4 {[%clk 00:32:34]} {[%emt 00:00:49]} 17. exd4 {[%clk 01:11:36]}
{[%emt 00:00:45]} Nxc3 {[%clk 00:27:30]} {[%emt 00:05:35]} 18. Bxc3 {[%clk
01:11:59]} {[%emt 00:00:06]} Rxc3 {[%clk 00:27:50]} {[%emt 00:00:11]} 19. Bxe4
{[%clk 01:11:59]} {[%emt 00:00:28]} Bxe4 {[%clk 00:27:35]} {[%emt 00:00:47]}
20. Qxe4 {[%clk 01:12:21]} {[%emt 00:00:07]} Qa8 {[%clk 00:26:15]} {[%emt
00:01:50]} 21. Qxa8 {[%clk 01:11:42]} {[%emt 00:01:09]} Rxa8 {[%clk 00:25:49]}
{[%emt 00:00:56]} 22. Rac1 {[%clk 01:10:58]} {[%emt 00:01:14]} Rac8 {[%clk
00:22:07]} {[%emt 00:04:12]} 23. Nc4 {[%clk 01:10:22]} {[%emt 00:01:06]} Rxc1
{[%clk 00:22:13]} {[%emt 00:00:25]} 24. Rxc1 {[%clk 01:10:38]} {[%emt
00:00:13]} b5 {[%clk 00:22:29]} {[%emt 00:00:14]} 25. Kf2 {[%clk 01:10:21]}
{[%emt 00:00:46]} bxc4 {[%clk 00:22:29]} {[%emt 00:00:31]} 26. bxc4 {[%clk
01:10:44]} {[%emt 00:00:06]} Rd8 {[%clk 00:20:39]} {[%emt 00:02:21]} 27. Ke3
{[%clk 01:10:54]} {[%emt 00:00:20]} Bd6 {[%clk 00:20:18]} {[%emt 00:00:50]} 28.
c5 {[%clk 01:10:25]} {[%emt 00:00:59]} Bc7 {[%clk 00:19:55]} {[%emt 00:00:54]}
29. Rb1 {[%clk 01:10:13]} {[%emt 00:00:42]} Rb8 {[%clk 00:19:16]} {[%emt
00:01:09]} 30. Rxb8+ {[%clk 01:09:15]} {[%emt 00:01:27]} Bxb8 {[%clk 00:19:42]}
{[%emt 00:00:04]} 31. Ke4 {[%clk 01:09:39]} {[%emt 00:00:06]} Kf8 {[%clk
00:19:38]} {[%emt 00:00:35]} 32. h4 {[%clk 01:10:02]} {[%emt 00:00:07]} g6
{[%clk 00:19:35]} {[%emt 00:00:33]} 33. d5 {[%clk 01:10:15]} {[%emt 00:00:17]}
exd5+ {[%clk 00:19:43]} {[%emt 00:00:22]} 34. Kxd5 {[%clk 01:10:39]} {[%emt
00:00:06]} Bxf4 {[%clk 00:19:05]} {[%emt 00:01:08]} 35. Kc6 {[%clk 01:11:04]}
{[%emt 00:00:05]} Ke7 {[%clk 00:19:20]} {[%emt 00:00:15]} 36. Kb7 {[%clk
01:11:26]} {[%emt 00:00:07]} Kd7 {[%clk 00:11:00]} {[%emt 00:08:52]} 37. a4
{[%clk 01:11:33]} {[%emt 00:00:23]} Bg3 {[%clk 00:10:50]} {[%emt 00:00:39]} 38.
a5 {[%clk 01:11:32]} {[%emt 00:00:32]} Bh2 {[%clk 00:09:08]} {[%emt 00:02:12]}
39. a6 {[%clk 01:11:53]} {[%emt 00:00:09]} Bg3 {[%clk 00:05:48]} {[%emt
00:03:50]} 40. c6 {[%clk 01:12:06]} {[%emt 00:00:16]} Kd8 {[%clk 00:06:00]}
{[%emt 00:00:18]} 41. Kxa7 {[%clk 01:12:25]} {[%emt 00:00:11]} Kc7 {[%clk
00:06:14]} {[%emt 00:00:16]} 42. h5 {[%clk 01:12:46]} {[%emt 00:00:09]} gxh5
{[%clk 00:06:37]} {[%emt 00:00:07]} 43. g6 {[%clk 01:13:11]} {[%emt 00:00:05]}
hxg6 {[%clk 00:06:51]} {[%emt 00:00:16]} 44. Ka8 {[%clk 01:13:34]} {[%emt
00:00:06]} Kxc6 {[%clk 00:07:09]} {[%emt 00:00:13]} 45. a7 {[%clk 01:14:02]}
{[%emt 00:00:03]} Bf2 {[%clk 00:07:31]} {[%emt 00:00:08]} 46. Kb8 {[%clk
01:14:26]} {[%emt 00:00:05]} Bxa7+ {[%clk 00:07:57]} {[%emt 00:00:04]} 47. Kxa7
{[%clk 01:14:53]} {[%emt 00:00:03]} h4 {[%emt 00:00:15]} 0-1

[Event "DEM U12 2021"]
[Site "Willingen GER"]
[Date "2021.08.29"]
[Round "9"]
[White "Ehses, Julius"]
[Black "Rückel, Felix"]
[Result "1/2-1/2"]
[Termination "normal"]
[Board "28"]
[WhiteElo "1102"]
[BlackElo "994"]
[WhiteClock "00:32:29"]
[BlackClock "00:54:30"]
[PlyCount "41"]
[WhiteFideId "16294920"]
[BlackFideId "34608826"]
[EventCountry "GER"]
[EventRounds "9"]
[EventType "swiss"]
[EventDate "2021.08.22"]

1. e4 {[%clk 01:30:59]} {[%emt 19:09:21]} e5 {[%clk 01:30:47]} {[%emt
00:00:13]} 2. Nf3 {[%clk 01:31:20]} {[%emt 00:00:08]} Nc6 {[%clk 01:30:51]}
{[%emt 00:00:26]} 3. Nc3 {[%clk 01:31:36]} {[%emt 00:00:15]} Nf6 {[%clk
01:31:04]} {[%emt 00:00:16]} 4. d4 {[%clk 01:31:55]} {[%emt 00:00:12]} exd4
{[%clk 01:31:15]} {[%emt 00:00:20]} 5. Nxd4 {[%clk 01:32:16]} {[%emt 00:00:08]}
Bb4 {[%clk 01:31:20]} {[%emt 00:00:25]} 6. Nxc6 {[%clk 01:32:36]} {[%emt
00:00:10]} bxc6 {[%clk 01:31:27]} {[%emt 00:00:24]} 7. Bd3 {[%clk 01:32:49]}
{[%emt 00:00:16]} d5 {[%clk 01:31:21]} {[%emt 00:00:35]} 8. exd5 {[%clk
01:32:47]} {[%emt 00:00:33]} cxd5 {[%clk 01:31:34]} {[%emt 00:00:17]} 9. O-O
{[%clk 01:32:08]} {[%emt 00:01:08]} O-O {[%clk 01:31:28]} {[%emt 00:00:37]} 10.
Bg5 {[%clk 01:31:16]} {[%emt 00:01:21]} c6 {[%clk 01:31:36]} {[%emt 00:00:22]}
11. a3 {[%clk 01:28:29]} {[%emt 00:03:17]} Be7 {[%clk 01:29:16]} {[%emt
00:02:50]} 12. Re1 {[%clk 01:24:09]} {[%emt 00:04:49]} Re8 {[%clk 01:29:07]}
{[%emt 00:00:40]} 13. Qd2 {[%clk 01:23:21]} {[%emt 00:01:19]} h6 {[%clk
01:28:14]} {[%emt 00:01:22]} 14. Bf4 {[%clk 01:20:58]} {[%emt 00:02:53]} Be6
{[%clk 01:27:06]} {[%emt 00:01:38]} 15. Ne2 {[%clk 01:05:40]} {[%emt 00:15:48]}
Bd6 {[%clk 01:18:05]} {[%emt 00:09:32]} 16. Bxd6 {[%clk 01:02:36]} {[%emt
00:03:34]} Qxd6 {[%clk 01:18:01]} {[%emt 00:00:34]} 17. Rec1 {[%clk 00:55:11]}
{[%emt 00:07:55]} Rad8 {[%clk 01:13:03]} {[%emt 00:05:27]} 18. Qc3 {[%clk
00:46:04]} {[%emt 00:09:38]} d4 {[%clk 00:59:48]} {[%emt 00:13:44]} 19. Qd2
{[%clk 00:43:35]} {[%emt 00:02:59]} c5 {[%clk 00:59:19]} {[%emt 00:01:00]} 20.
Ng3 {[%clk 00:37:52]} {[%emt 00:06:13]} Qd5 {[%clk 00:54:30]} {[%emt 00:05:19]}
21. Rd1 {[%clk 00:32:29]} {[%emt 00:05:52]} 1/2-1/2